00958nam a22002777a 45000010005000000030006000050050017000110080041000280200018000690400029000870500017001160820011001331000019001442450037001632500027002002600051002273000061002785050008003395200190003475210029005375210020005666500021005866500024006076500022006316500027006537666FISKH20250730144125.0250730b cb ||||| |||| 00| 0 eng d a9780517596920 aFISKHbengcFISKHdFISKH aPZ7.G29347 H a823.92 aGeraghty, Paul aThe hunter / cBy Paul Geraghty  aFirst American Edition aNew York : bCrown Publishers, Inc . , c1994. a30 unnumbered pages : bcolor illustrations ; c27 cm .  aK  aAfter being separated from her grandfather in the forest, a young African girl sees elephant poaching firsthand when she rescues a baby elephant whose mother has been killed by hunters.8 a510 bLexile estimate 8 aK bRaz-Plus  aAfrica vFiction aElephants vFiction aHunting vFiction aGrandfathers vFiction